Cinco lecciones de filosofía.
Saved in:
| 主要作者: | |
|---|---|
| 格式: | 未知 |
| 出版: |
Madrid, España:
Alianza,
2019.
|
| 版: | Cuarta edición |
| 叢編: | El libro de bolsillo
|
| 主題: | |
| 標簽: |
添加標簽
沒有標簽, 成為第一個標記此記錄!
|
MARC
| LEADER | 00000 a2200000 4500 | ||
|---|---|---|---|
| 003 | CL-VaPUC | ||
| 005 | 20241127085259.0 | ||
| 008 | 230504t2019 ||||| |||| 00| 0 eng d | ||
| 999 | |c 440629 |d 440627 | ||
| 020 | |a 978-84-9181-569-3 | ||
| 040 | |c Pontificia Universidad Católica de Valparaíso | ||
| 082 | |a 102 ZUB 2019 | ||
| 100 | |a Zubiri, Xavier |9 216 |e autor | ||
| 245 | |a Cinco lecciones de filosofía. | ||
| 250 | |a Cuarta edición | ||
| 260 | |a Madrid, España: |b Alianza, |c 2019. | ||
| 300 | |a 312 páginas. | ||
| 490 | |a El libro de bolsillo | ||
| 583 | |k CA |c 20230504 | ||
| 600 | 0 | |a Aristóteles, |d 384 a.C.- 322 a.C. |9 194 | |
| 600 | 0 | |a Bergson, Henri-Louis |9 318450 | |
| 600 | 0 | |a Comte, Auguste |9 334591 | |
| 600 | 0 | |a Husserl, Edmund |9 575718 |d 1859-1938 | |
| 600 | 0 | |a Kant, Immanuel, |d 1724-1804 |9 858687 | |
| 650 | 0 | |a Filosofía |9 223554 | |
| 650 | 0 | |a Escuelas filosóficas |9 266232 | |
| 942 | |2 ddc |c BK | ||
| 952 | |0 0 |1 0 |2 ddc |4 0 |6 102_000000000000000_ZUB_2019 |7 0 |8 A |9 589863 |a BIBGIM |b BIBGIM |d 2023-05-04 |e 1 |g 17345.50 |i 5657306 |l 3 |o 102 ZUB 2019 |p 5657306 |r 2025-01-15 |s 2023-06-22 |t 2 |v 17345.50 |w 2023-05-04 |y BK |k SSL | ||
| 952 | |0 0 |1 0 |2 ddc |4 0 |6 102_000000000000000_ZUB_2019 |7 0 |8 A |9 589864 |a BIBGIM |b BIBGIM |d 2023-05-04 |e 1 |g 17345.50 |i 5657305 |l 2 |o 102 ZUB 2019 |p 5657305 |r 2025-01-15 |s 2024-09-13 |t 1 |v 17345.50 |w 2023-05-04 |y BK |k SSL | ||